| LEADER |
01067nam0a2200253 450 |
| 001 |
16866970 |
| 010 |
|
|
|a 978-2-07-521392-9
|b br.
|d 17,5
|
| 100 |
|
|
|a 20240708d2024 u u0frey01 ba
|
| 101 |
0 |
|
|a fre
|
| 102 |
|
|
|a FR
|
| 200 |
0 |
|
|a Terre expliquée aux enfants (La)
|f Pierrick Graviou, Erik Orsenna
|g illustré par Hubert Poirot-Bourdain
|
| 207 |
|
1 |
|a
|
| 215 |
|
|
|a 1 vol. (143 p.)
|c illustrations en couleur
|d 24 x 19 cm
|
| 300 |
|
|
|a Glossaire. Index. Bibliogr. Sitogr.
|
| 330 |
|
|
|a Histoire illustrée de la naissance de la Terre, du Système solaire ou de la galaxie. Avec des informations sur la tectonique des plaques, l'érosion, la photosynthèse, le noyau cellulaire, entre autres.
|
| 606 |
0 |
|
|a Sciences de la Terre
|
| 608 |
|
|
|a Ouvrages pour la jeunesse
|
| 676 |
|
|
|a 551
|
| 700 |
|
0 |
|a Graviou
|b Pierrick
|4 70
|
| 701 |
|
0 |
|a Orsenna
|b Erik
|4 70
|
| 702 |
|
0 |
|a Poirot-Bourdain
|b Hubert
|f 1990-....
|4 440
|
| 900 |
|
|
|a Documentaire
|
| 901 |
|
|
|a Jeunesse
|
| 995 |
|
|
|a Médiathèque
|c Médiathèque
|f 00156008857641
|h 00156008857641
|k E 551 GRA
|o p
|q j
|r az
|e Médiathèque
|